00995nam a2200229 a 450000100100000000500170001000800410002704000250006810000410009324501160013426000690025030000210031949000520034049000350039250000420042750400320046970000410050183000590054283000420060195201050064399900170074800003795920201002031137.0130311s1988 dr 000 0 spa d aDO-SdBNPbspacBNPHU1 aHernández Castillo, Ángel91744310aIntroducción a las ciencias de la educación /cÁngel Hernández Castillo ; prólogo Amarilis de Zapata. aSanto Domingo :bUniversidad Autónoma de Santo Domingo,c1988. a286 p. ;c21 cm.1 aUniversidad Autónoma de Santo Domingovv. 5781 aEducación y Sociedadvno. 34 aIncluye notas al pie de las páginas aBbiliografía : p. 273-2861 aZapata, Amarilis de,epról.936526 0aUniversidad Autónoma de Santo Domingovv. 578917164 0aEducación y Sociedadnno. 34964370 0010718PDaPDbPDcCTd2013-03-11iLF1l0o p37959-10r2020-06-25w2020-06-25yLFPDZNo se presta c37449d37449